00509nam a22001577a 450000500170000000800410001702000150005804100130007308200150008610000450010124500710014625000200021726000560023730000330029365000250032620240110075533.0240110b |||||||| |||| 00| 0 eng d a0409033243 aEnglish  a347.6 HOF  aHoffmann, LH and Zeffertt, DT lEnglish  aThe South African Law of Evidence / cLH Hoffmann and Dt Zeffertt  aFourth Edition  aDurban : bButterworth Publishers (Pty) Ltd, c1988 bxii, 753 pages ; c25,2 cm.  aLegal practice bLaw